Regional report: Hampshire, Dorset and south Wiltshire (Record no. 104698)
[ view plain ]
| 000 -LEADER | |
|---|---|
| fixed length control field | 00696cab a2200181 4500 |
| 001 - CONTROL NUMBER | |
| control field | ##L131248 |
| 008 - FIXED-LENGTH DATA ELEMENTS--GENERAL INFORMATION | |
| fixed length control field | 050727n2005 000 0 eng u |
| 035 ## - SYSTEM CONTROL NUMBER | |
| System control number | (Sirsi) u131248 |
| 041 0# - LANGUAGE CODE | |
| Language code of text/sound track or separate title | eng |
| 245 00 - TITLE STATEMENT | |
| Title | Regional report: Hampshire, Dorset and south Wiltshire |
| 260 ## - PUBLICATION, DISTRIBUTION, ETC. | |
| Date of publication, distribution, etc. | 2005 |
| 490 #0 - SERIES STATEMENT | |
| Series statement | Property Week |
| Volume/sequential designation | 70(40) 7 October 2005, 95-112(8) |
| 520 ## - SUMMARY, ETC. | |
| Summary, etc. | Region report that explores the commerical market in the region. Examines the influence of the 2012 Olympics on the region; offices in Bournemouth and Basingstoke; and industrial property. |
| 590 ## - LOCAL NOTE (RLIN) | |
| Local note | IKA251005 |
| 650 24 - SUBJECT ADDED ENTRY--TOPICAL TERM | |
| Topical term or geographic name entry element | OLYMPIC GAMES 2012 |
| 690 ## - LOCAL SUBJECT ADDED ENTRY--TOPICAL TERM (OCLC, RLIN) | |
| Topical term or geographic name as entry element | PROPERTY-COMMERCIAL PROPERTY-COMMERCIAL PROPERTY MARKET |
| 942 ## - ADDED ENTRY ELEMENTS (KOHA) | |
| Suppress in OPAC | 0 |
No items available.